Normal view
MARC view
- Maratha War, 1816-1818
Entry Topical Term
001 - CONTROL NUMBER
- control field: 49826
003 - CONTROL NUMBER IDENTIFIER
- control field: NUST
005 - DATE AND TIME OF LATEST TRANSACTION
- control field: 20210314134442.0
008 - FIXED-LENGTH DATA ELEMENTS
- fixed length control field: 210314|| aca||aabn | a|a d
040 ## - CATALOGING SOURCE
- Original cataloging agency: NUST
- Transcribing agency: NUST
150 ## - HEADING--TOPICAL TERM
- Topical term or geographic name entry element: Maratha War, 1816-1818
670 ## - SOURCE DATA FOUND
- Source citation: Work cat.: (NUST): Blacker, Valentine, 49825, Memoir of the operations of the British army in India,, 1821.
